| 000 | 00411nam a22001577a 4500 | ||
|---|---|---|---|
| 003 | OSt | ||
| 008 | 250423b |||||||| |||| 00| 0 eng d | ||
| 020 | _a9788119319435 | ||
| 082 |
_a633.880715 _bS61P |
||
| 100 | _aSinsinvar. P S | ||
| 245 | _aProduction Training for Medicinal Plant (Hindi 2nd Edition) | ||
| 260 |
_aUDAIPUR _bATPA _c2024 |
||
| 300 | _a168 Page | ||
| 650 | _aHorticulture | ||
| 942 |
_2ddc _cBK |
||
| 999 |
_c47892 _d47892 |
||